<?xml version="1.0" encoding="UTF-8"?>
<record
    xmlns:xsi="http://www.w3.org/2001/XMLSchema-instance"
    xsi:schemaLocation="http://www.loc.gov/MARC21/slim http://www.loc.gov/standards/marcxml/schema/MARC21slim.xsd"
    xmlns="http://www.loc.gov/MARC21/slim">

  <leader>00895nam a2200265 a 4500</leader>
  <controlfield tag="001">BRL_1839</controlfield>
  <controlfield tag="005">20190320211406.0</controlfield>
  <controlfield tag="008">070815s1994----cn-o######---#000-0#fre-#</controlfield>
  <datafield tag="020" ind1=" " ind2=" ">
    <subfield code="a">2762117046</subfield>
  </datafield>
  <datafield tag="041" ind1=" " ind2=" ">
    <subfield code="a">fre</subfield>
  </datafield>
  <datafield tag="044" ind1=" " ind2=" ">
    <subfield code="a">cn</subfield>
  </datafield>
  <datafield tag="050" ind1=" " ind2="4">
    <subfield code="a">GT1747</subfield>
    <subfield code="b">.M37 1994</subfield>
  </datafield>
  <datafield tag="245" ind1="1" ind2="0">
    <subfield code="a">Masques et mascarades</subfield>
    <subfield code="c">sous la direction de Andr&#xE9;e Gendreau</subfield>
  </datafield>
  <datafield tag="260" ind1=" " ind2=" ">
    <subfield code="a">Canada</subfield>
    <subfield code="b">Fides : Mus&#xE9;e de la Civilisation</subfield>
    <subfield code="c">1994</subfield>
  </datafield>
  <datafield tag="300" ind1=" " ind2=" ">
    <subfield code="a">xi, 167 p.</subfield>
    <subfield code="b">il.</subfield>
    <subfield code="c">23 cm.</subfield>
  </datafield>
  <datafield tag="440" ind1=" " ind2="0">
    <subfield code="a">Voir et savoir</subfield>
    <subfield code="9">28016</subfield>
  </datafield>
  <datafield tag="500" ind1=" " ind2=" ">
    <subfield code="a">Au1793</subfield>
  </datafield>
  <datafield tag="500" ind1=" " ind2=" ">
    <subfield code="a">Cet ouvrage a &#xE9;t&#xE9; r&#xE9;alis&#xE9; dans le cadre de l&#xB4;exposition Masques et mascarades pr&#xE9;sent&#xE9;e au Mus&#xE9;e de la civilisation du 1er f&#xE9;vr. au 16 oct. 1994</subfield>
  </datafield>
  <datafield tag="504" ind1=" " ind2=" ">
    <subfield code="a">Bibliograf&#xED;a: p. 165-167</subfield>
  </datafield>
  <datafield tag="650" ind1="1" ind2="4">
    <subfield code="a">Mascaras</subfield>
    <subfield code="x">Exposiciones</subfield>
    <subfield code="9">28017</subfield>
  </datafield>
  <datafield tag="650" ind1="1" ind2="4">
    <subfield code="a">Carnaval</subfield>
    <subfield code="x">Exposiciones</subfield>
    <subfield code="9">28018</subfield>
  </datafield>
  <datafield tag="700" ind1="1" ind2=" ">
    <subfield code="a">Gendreau, Andr&#xE9;e</subfield>
    <subfield code="d">1943-</subfield>
    <subfield code="9">28019</subfield>
  </datafield>
  <datafield tag="902" ind1=" " ind2=" ">
    <subfield code="a">GRL</subfield>
  </datafield>
  <datafield tag="942" ind1=" " ind2=" ">
    <subfield code="2">lcc</subfield>
    <subfield code="c">B</subfield>
  </datafield>
  <datafield tag="999" ind1=" " ind2=" ">
    <subfield code="c">10647</subfield>
    <subfield code="d">10647</subfield>
  </datafield>
  <datafield tag="952" ind1=" " ind2=" ">
    <subfield code="0">0</subfield>
    <subfield code="1">0</subfield>
    <subfield code="4">0</subfield>
    <subfield code="7">0</subfield>
    <subfield code="a">BRL</subfield>
    <subfield code="b">BRL</subfield>
    <subfield code="d">2015-08-07</subfield>
    <subfield code="i">Au1793</subfield>
    <subfield code="l">0</subfield>
    <subfield code="o">GT1747 .M37 1994 (Au1793)</subfield>
    <subfield code="p">GRL02022</subfield>
    <subfield code="r">2019-03-22 00:00:00</subfield>
    <subfield code="w">2019-03-22</subfield>
    <subfield code="y">B</subfield>
  </datafield>
</record>
